Bài tập thủy lực.T.1 /
Tallennettuna:
| Päätekijä: | |
|---|---|
| Muut tekijät: | |
| Aineistotyyppi: | Kirja |
| Kieli: | Vietnamese |
| Julkaistu: |
Hà Nam :
Đại học và trung học chuyên nghiệp ,
1983
|
| Painos: | Tái bản lần thứ 2 |
| Aiheet: | |
| Tagit: |
Lisää tagi
Ei tageja, Lisää ensimmäinen tagi!
|
| Thư viện lưu trữ: | Thư viện Trường CĐ Kỹ Thuật Cao Thắng |
|---|
| LEADER | 00715nam a2200205 a 4500 | ||
|---|---|---|---|
| 001 | TVCDKTCT792 | ||
| 003 | Thư viện trường Cao đẳng Kỹ thuật Cao Thắng | ||
| 005 | 20050804000000 | ||
| 008 | 050804 | ||
| 980 | \ | \ | |a Thư viện Trường CĐ Kỹ Thuật Cao Thắng |
| 024 | |a RG_1 #1 eb0 i1 | ||
| 041 | 0 | # | |a vie |
| 082 | # | # | |a 623.82 / |b H407QU-b |
| 100 | 1 | # | |a Nguyễn Cảnh Cẩm |
| 245 | 0 | 0 | |a Bài tập thủy lực.T.1 / |c Nguyễn Cảnh Cẩm, Hoàng Văn Qúy |
| 250 | # | # | |a Tái bản lần thứ 2 |
| 260 | # | # | |a Hà Nam : |b Đại học và trung học chuyên nghiệp , |c 1983 |
| 300 | # | # | |a 222tr. ; |c 24cm |
| 650 | # | 4 | |a Thủy lực |
| 700 | 0 | # | |a Hoàng Văn Qúy |